Statistics for Lyrics Bon Jovi - Always

Click here to take the quiz!

General Stats

  • This quiz has been taken 501 times
    (499 since last reset)
  • The average score is 52 of 60

Answer Stats

Answer% Correct
And I will {love} you, baby - always
98%
But baby, that's {just} me
97%
But you can't see his {blood}
97%
This romeo is {bleeding}
97%
And i'll love you, {always}
96%
And i'll love you - {always}
96%
Like the {way} it's meant to be
96%
Now i can't {sing} a love song
96%
Well, i guess i'm not that {good} anymore
96%
And i'll be there {forever} and a day - always
94%
I'm just a {man}
94%
Where the {sun} still shines
94%
And i know when i {die}
93%
But {without} you, i give up
93%
To say these {words} to you
93%
To say to you till the end of {time}
93%
When he says the words you've been needing to {hear}
93%
Yeah, I {will} love you - always
93%
You'll be on my {mind}
93%
And i'll be {there} forever and a day - always
92%
I'll be there till the {stars} don't shine
92%
I {would}
92%
Now i'm {drowning} in the flood
92%
To {hold} you near
92%
What I'd give to run my {fingers} through your hair
92%
You'll {be} on my mind
92%
You see i've always been a {fighter}
92%
And i'll be there forever and a {day} - always
91%
If you told me to die for {you}
91%
I'll be there till the stars don't {shine}
91%
And the words {don't} rhyme
90%
I've made {mistakes},
90%
Some that made us {laugh}, some that made us cry
90%
Till the {heavens} burst
90%
And the words don't {rhyme}
89%
One that made you have to say {goodbye}
89%
Take a look at my {face}
89%
There's no {price} i won't pay
89%
When he holds you {close},
89%
Cause these words are {mine}
88%
I {could}
87%
If you told me to {cry} for you
87%
And i know {when} i die
86%
Are just {memories} of a different life
86%
Till the heavens {burst}
86%
I'll wish a was {him},
85%
To touch your {lips},
84%
It's been {raining} since you left me
83%
We'll find a {place}
83%
When he {pull} you near
81%
It's nothing but some {feelings}
79%
And {i} will love you - always
78%
But baby if you {give} me just one more time
78%
That this old {dog} kicked up
73%
And our old {lives}
72%
When you say your {prayers} try to understand
71%
Now your {pictures} that you left behind
68%
We can pack up our old {dreams}
65%
Well, there ain't no {luck}
59%
In this {loaded} dice
56%

Score Distribution

Percentile by Number Answered

Percent of People with Each Score

Your Score History

You have not taken this quiz since the last reset